Neighbours : (Record no. 121153)
[ view plain ]
| 000 -LEADER | |
|---|---|
| fixed length control field | 01016mam a2200325 a 4500 |
| 001 - CONTROL NUMBER | |
| control field | 3174469 |
| 003 - CONTROL NUMBER IDENTIFIER | |
| control field | ARRUPE |
| 005 - DATE AND TIME OF LATEST TRANSACTION | |
| control field | 20160905095117.0 |
| 008 - FIXED-LENGTH DATA ELEMENTS--GENERAL INFORMATION | |
| fixed length control field | 010927s2001 enk 000 1 eng d |
| 015 ## - NATIONAL BIBLIOGRAPHY NUMBER | |
| National bibliography number | GBA1-V2423 |
| 020 ## - INTERNATIONAL STANDARD BOOK NUMBER | |
| International Standard Book Number | 0435912097 |
| 035 ## - SYSTEM CONTROL NUMBER | |
| System control number | (OCoLC)ocm48110567 |
| 035 ## - SYSTEM CONTROL NUMBER | |
| System control number | (NNC)3174469 |
| 040 ## - CATALOGING SOURCE | |
| Original cataloging agency | UKM |
| Transcribing agency | UKM |
| Modifying agency | BUF |
| -- | NNC |
| 041 1# - LANGUAGE CODE | |
| Language code of text/sound track or separate title | engpor |
| 043 ## - GEOGRAPHIC AREA CODE | |
| Geographic area code | f-mz--- |
| 050 ## - LIBRARY OF CONGRESS CALL NUMBER | |
| Classification number | PR9408.M87M6N4 2001 |
| 082 04 - DEWEY DECIMAL CLASSIFICATION NUMBER | |
| Classification number | 869 |
| Edition number | 21 |
| 090 ## - LOCALLY ASSIGNED LC-TYPE CALL NUMBER (OCLC); LOCAL CALL NUMBER (OCLC) | |
| Classification number (OCLC) (R) ; Classification number, CALL (RLIN) (NR) | PQ9939.M66 |
| Local cutter number (OCLC) ; Book number/undivided call number, CALL (RLIN) | N413 2001 |
| 300 ## - PHYSICAL DESCRIPTION | |
| Dimensions | 20 cm. |
| 100 1# - MAIN ENTRY--PERSONAL NAME | |
| Personal name | Momplé, Lilia, |
| Dates associated with a name | 1935- |
| 9 (RLIN) | 12306 |
| 240 10 - UNIFORM TITLE | |
| Uniform title | <a href="Neighbours.">Neighbours.</a> |
| Language of a work | English |
| 245 10 - TITLE STATEMENT | |
| Title | Neighbours : |
| Remainder of title | the story of a murder / |
| Statement of responsibility, etc | Lilia Momplé ; translated from the Portuguese by Richard Bartlett and Isaura Oliviera. |
| 260 ## - PUBLICATION, DISTRIBUTION, ETC. (IMPRINT) | |
| Place of publication, distribution, etc | Oxford ; |
| -- | Portsmouth, NH, USA : |
| Name of publisher, distributor, etc | Heinemann, |
| Date of publication, distribution, etc | 2001. |
| 300 ## - PHYSICAL DESCRIPTION | |
| Extent | 134 p. ; |
| 490 1# - SERIES STATEMENT | |
| Series statement | African writers series |
| 651 #0 - SUBJECT ADDED ENTRY--GEOGRAPHIC NAME | |
| Geographic name | Mozambique |
| General subdivision | Social conditions |
| Chronological subdivision | 20th century |
| Form subdivision | Fiction. |
| 9 (RLIN) | 12307 |
| 830 #0 - SERIES ADDED ENTRY--UNIFORM TITLE | |
| Uniform title | African writers series. |
| 9 (RLIN) | 3197 |
| 942 ## - ADDED ENTRY ELEMENTS (KOHA) | |
| Source of classification or shelving scheme | Library of Congress Classification |
| Koha item type | Monograph ( Printed materials) |
| Withdrawn status | Lost status | Source of classification or shelving scheme | Damaged status | Not for loan | Collection code | Home library | Current library | Shelving location | Date acquired | Total Checkouts | Full call number | Barcode | Date last seen | Price effective from | Koha item type | Copy number |
|---|---|---|---|---|---|---|---|---|---|---|---|---|---|---|---|---|
| Library of Congress Classification | Main Collection | ARRUPE LIBRARY | ARRUPE LIBRARY | Main Collection | 31/10/2014 | PR9408.M87.M6 N4 2001 | 46500003739 | 31/10/2014 | 31/10/2014 | Monograph ( Printed materials) | ||||||
| Library of Congress Classification | Main Collection | ARRUPE LIBRARY | ARRUPE LIBRARY | Main Collection | 16/05/2016 | PR9408.M87.M6N4 2001 | 46500007587 | 16/05/2016 | 16/05/2016 | Monograph ( Printed materials) | 2 |